000 00742nab a2200229u 4500
001 19179
003 HDC
007 c| |||a|c|aaaa
008 210226b20091030my ||||o |||| 00| 0 eng d
040 _aHDC
100 _aStephanie Soong /
_eauthor
_917709
245 2 _aA higher calling /
_cStephanie Soong
336 _atext
_2rdacontent
337 _acomputer
_2rdamedia
338 _aonline resource
_2rdacarrier
650 _aKosher and halal meats
_917710
650 _akosher product sales
_917711
856 _zRequest full-text at [email protected]
942 _2lcc
942 _cNEWS
942 _kNWS0 003507
999 _c16495
_d16495